Alle Volleyball Bundesligisten der Saison 2024/25 - Statistiken

Allgemein
  • Dieses Quiz wurde 95 mal gespielt
  • Das Durchschnittsergebnis liegt bei 10 aus 13
Answers on the Grid
Answers color-coded by a green-red scale on the quiz's grid according to % correct below.
ASV Dachau
United Volleys Frankfurt
CERATONIA Volleys Eltmann
Baden Volleys SSC Karlsruhe
Berlin Recycling Volleys
Energiequelle Netzhoppers KW
FT 1844 Freiburg
L.E. Volleys
Blue Volleys Gotha
Helios GRIZZLYS Giesen
SVG Lüneburg
America Unlimited Volleys Aligse
SWD powervolleys Düren
TSV Haching München
VC Bitterfeld-Wolfen
VV Human Essen
FC Schüttorf 09
VCO Berlin
VfB Friedrichshafen
Dessau Volleys
Generali Haching
SV Lindow-Gransee
WWK Volleys Herrsching
Chemie Volley Mitteldeutschland
plusENERGY Bad Saulgau
TV Rottenburg
 
Antwortstatistiken
Antwort % Korrekt
Berlin Recycling Volleys
88%
ASV Dachau
81%
SVG Lüneburg
81%
VfB Friedrichshafen
79%
Helios GRIZZLYS Giesen
78%
SWD powervolleys Düren
76%
Energiequelle Netzhoppers KW
75%
VCO Berlin
75%
TSV Haching München
73%
Baden Volleys SSC Karlsruhe
70%
FT 1844 Freiburg
69%
VC Bitterfeld-Wolfen
69%
WWK Volleys Herrsching
64%
Keine übereinstimmenden Quizze gefunden
Verteilung der Resultate
Anzahl Personen mit jedem Resultat
Perzentil nach korrekt beantworteten Fragen
Ihre Resultats-Entwicklung
Sie haben dieses Quiz noch nicht gespielt